000 00627nam a22002057a 4500
005 20160831162712.0
010 _aENG-115881
020 _a9789352531110
_c195.00
035 _aEN-99413480
037 _bDBAD/PUB
082 _a480
100 _aAshok Kumar Singh
245 _aS.Chand's a mirror of bank clerk english :
_bfor All bank Cleark examinations /
_cby Ashok Kumar Singh
260 _aNew Delhi
_bS.Chand & Company
_c2016
270 _a7361,Ram Nagar
_bNew Delhi
_e110055
300 _a262p.
_c24cm(pbk)
700 _aKhurana,KJS
700 _a Markanday,Rajeev
942 _2ddc
_cEN
_h480
_mASH
999 _c102940
_d102940